000 00416nam a2200193Ia 4500
005 20240823012446.0
008 240823s9999||||xx |||||||||||||| ||und||
020 _a0-14-062258-6
041 _aENGLISH
082 _A823 N7
100 _aDoyle A C
245 0 _aHis Last Bow
250 _a1st
260 _c1997
_b"Penguin,En"
500 _aYES
650 _aStory
_bGeneral
942 _cBK
999 _c164455
_d164455